Interlibrary loan procedure manual (Record no. 15868)

MARC details
000 -LEADER
fixed length control field 00393nam a2200145Ia 4500
082 ## - DEWEY DECIMAL CLASSIFICATION NUMBER
Classification number 025.62 THO-;
100 ## - MAIN ENTRY--AUTHOR NAME
Personal name Interlibrary loans
245 #0 - TITLE STATEMENT
Title Interlibrary loan procedure manual
260 ## - PUBLICATION, DISTRIBUTION, ETC. (IMPRINT)
Place of publication Chicago
Name of publisher American Library Association
Year of publication 1970
300 ## - PHYSICAL DESCRIPTION
Number of Pages 116p.
504 ## - BIBLIOGRAPHY, ETC. NOTE
Bibliography, etc Includes index, bibliography
650 ## - SUBJECT ADDED ENTRY--TOPICAL TERM
Topical Term Library cooperation
700 ## - ADDED ENTRY--PERSONAL NAME
Personal name Thomson, Sarah Katharine
942 ## - ADDED ENTRY ELEMENTS (KOHA)
Koha item type Books
Holdings
Withdrawn status Lost status Damaged status Not for loan Home library Current library Date acquired Full call number Accession Number Price effective from Koha item type
        NASSDOC Library NASSDOC Library 08/06/2004 025.62 THO-; 2580 18/04/2019 Books